Casa de piedra /
Represa Casa de Piedra. Legislación y planificación para el proyecto interprovincial. Túneles, válvulas, etc. Descripción y proceso de hidrolización del agua. Capacidad de generación de energía.
Guardado en:
| Formato: | |
|---|---|
| Materias: | |
| Etiquetas: |
Agregar Etiqueta
Sin Etiquetas, Sea el primero en etiquetar este registro!
|
| LEADER | 00928ngm a22002415g 4500 | ||
|---|---|---|---|
| 001 | CEM.cems021595 | ||
| 008 | 130507b1992##################0###0#####d | ||
| 005 | 20240829164835.0 | ||
| 245 | 0 | 0 | |a Casa de piedra / |
| 300 | |a 14 | ||
| 500 | |a En soporte VHS, consultar en ventanilla. | ||
| 520 | |a Represa Casa de Piedra. Legislación y planificación para el proyecto interprovincial. Túneles, válvulas, etc. Descripción y proceso de hidrolización del agua. Capacidad de generación de energía. | ||
| 538 | |a Soporte: VHS - Norma: Pal N - Color - Grabación DRD 1992 - Hitachi=4390 | ||
| 082 | 6 | 2 | |. 3/AVE |
| 653 | |a INGENIERIA HIDRAULICA | ||
| 653 | |a CASA DE PIEDRA | ||
| 653 | |a PROVINCIA DE LA PAMPA | ||
| 653 | |a ENERGIA | ||
| 653 | |a ARGENTINA-ENERGIA | ||
| 653 | |a ENERGIA HIDROELECTRICA | ||
| 653 | |a REPRESAS | ||
| 653 | |a NIVEL SECUNDARIA | ||
| 859 | |a CEMS |b BIB. CEMS - Depto. Recursos Didacticos |h 622.3 |i AVE |k DRD |p 238.12 |t Ej.1 | ||
